| 000 | 00690nam a22002297a 4500 | ||
|---|---|---|---|
| 005 | 20170124110236.0 | ||
| 010 | _a989219 | ||
| 020 |
_c00.00 _a0723224269 |
||
| 035 | _a989219 | ||
| 037 | _bCen Lib/Ret | ||
| 040 |
_aDPL _bEN |
||
| 082 |
_a623.4 _bSEG |
||
| 100 |
_aSegrelles, Vincent _941940 |
||
| 245 |
_aModern weapons / _cby Vincent Segrelles: translated by Arthur Butterfield |
||
| 260 |
_aLondon _bFrederick Warne Publishers _c1980 |
||
| 270 | _bLondon | ||
| 300 |
_a61p.: _c26cm(Hb) _bill. |
||
| 650 |
_aOrdnance, Naval _941941 |
||
| 650 |
_aExplosive ordnance disposal _941942 |
||
| 700 |
_aButterfield, Arthur _941919 |
||
| 942 |
_2ddc _cEN _h623.4 _mSEG |
||
| 999 |
_c134844 _d134844 |
||